Estudios sobre el clientelismo en el sistema polt̕ico en Colombia La contribucin̤ de Francisco Leal Buitrago / Tomo III

Detalles Bibliográficos
Autor principal: Rettberg, Angelika
Otros Autores: Wills-Otero, Laura, Garca̕ Sǹchez, Miguel
Formato: eBook
Lenguaje:español
Publicado: Bogot:̀ Universidad de Los Andes (Colombia), 2018
Materias:
Acceso en línea:Acceso restringido

MARC

LEADER 00000nam a22000007a 4500
005 20190517125944.0
007 cr|||| ||||
008 190517s2018 co |||||s|||| 00||0 spa d
020 |a 978-958-774-663-1 
035 |a 23412 
040 |a vLex 
090 |c 8747  |d 8747 
100 1 |a Rettberg, Angelika 
245 1 0 |a Estudios sobre el clientelismo en el sistema polt̕ico en Colombia  |h [Recurso electrn̤ico] :  |b La contribucin̤ de Francisco Leal Buitrago /  |c Angelika Rettberg, Laura Wills-Otero, Miguel Garca̕ Sǹchez  |n Tomo III 
256 |a Servicio en ln̕ea 
260 |a Bogot:̀  |b Universidad de Los Andes (Colombia),  |c 2018 
300 |a 1 recurso electrn̤ico 
500 |a Obra de Francisco Leal Buitrago. La Obra de Francisco Leal Buitrago recoge algunas de las principales contribuciones del socil̤ogo colombiano. El props̤ito de esta recopilacin̤ es celebrar la contribucin̤ de quien ha sido artf̕ice fundamental del desarrollo de las ciencias sociales en Colombia y poner al alcance de las nuevas generaciones de estudiantes y acadm̌icos el conocimiento pionero producido por Leal. Los temas que ha tratado —la preocupacin̤ por el Estado y el rǧimen, la seguridad y las sucesivas crisis— son fieles reflejos de las p̌ocas que ha vivido el pas̕; no en vano sus publicaciones an︢ hoy forman parte del canon de la ciencia polt̕ica colombiana y latinoamericana.Clientelismo, el sistema polt̕ico y su expresin̤ regional, el tt̕ulo incluido en este volumen, es una de las piedras angulares de los estudios sobre las relaciones patrn̤-cliente en Colombia y un cls̀ico de la ciencia polt̕ica nacional. Hoy, casi treinta aǫs despuš de su publicacin̤, este trabajo sigue ayudǹdonos a entender el da̕ a da̕ de la polt̕ica colombiana y el papel que desempeą la intermediacin̤ clientelar en el acceso de los ciudadanos a bienes y servicios estatales. Aunque el clientelismo se ha transformado adaptǹdose a nuevos contextos sociales, polt̕icos e institucionales, la visin̤ de este fenm̤eno como un componente central del funcionamiento del sistema polt̕ico sigue vigente y merece ser revisitada y tenida en cuenta por las nuevas generaciones de estudiosos de la polt̕ica colombiana.Es nuestro deseo que la reedicin̤ de estos textos sea no solo un tributo al legado de Francisco Leal Buitrago, sino tambiň una invitacin̤ a retomar y profundizar nuestro conocimiento acerca del rǧimen polt̕ico, la formacin̤ estatal y su relacin̤ con fenm̤enos sociales como la violencia y las economa̕s ilc̕itas. 
506 1 |a Disponible solo en los productos indicados  |d vLex Global  |d vLex Global (Academic Edition, excluding Law Schools)  |d vLex Global (U.S. Academic Edition, Law Schools)  |d vLex Global (U.S. Academic Edition, excluding Law Schools)  |d vLex Global (Academic Edition, Law Schools) 
650 0 4 |a Derecho Constitucional  |z Colombia 
650 0 4 |a Ciencia polt̕ica  |z Colombia 
700 1 |a Wills-Otero, Laura 
700 1 |a Garca̕ Sǹchez, Miguel 
740 0 |a vLex Libros (Servicio en ln̕ea) 
856 4 0 |u http://vlex.com/source/estudios-sobre-el-clientelismo-en-el-sistema-politico-en-colombia-la-contribucion-de-francisco-leal-buitrago-tomo-iii-23412  |z Acceso restringido 
942 |c BOOK 
999 0 |a Constitutional Law 
999 0 |a Political science